<?xml version="1.0" encoding="UTF-8"?>
<record
    xmlns:xsi="http://www.w3.org/2001/XMLSchema-instance"
    xsi:schemaLocation="http://www.loc.gov/MARC21/slim http://www.loc.gov/standards/marcxml/schema/MARC21slim.xsd"
    xmlns="http://www.loc.gov/MARC21/slim">

  <leader>01819nam0a22004091  4500</leader>
  <controlfield tag="001">RU\NLR\A1SV\13313</controlfield>
  <controlfield tag="005">20251203171251.9</controlfield>
  <datafield tag="035" ind1=" " ind2=" ">
    <subfield code="a">(NLR Aleph) 009698625</subfield>
  </datafield>
  <datafield tag="090" ind1=" " ind2=" ">
    <subfield code="a">9773111</subfield>
    <subfield code="c">9773111</subfield>
  </datafield>
  <datafield tag="100" ind1=" " ind2=" ">
    <subfield code="a">19991202d1920    u  y0rusy50      ca</subfield>
  </datafield>
  <datafield tag="101" ind1="0" ind2=" ">
    <subfield code="a">rus</subfield>
  </datafield>
  <datafield tag="102" ind1=" " ind2=" ">
    <subfield code="a">RU</subfield>
  </datafield>
  <datafield tag="200" ind1="1" ind2=" ">
    <subfield code="a">&#x411;&#x43E;&#x431;&#x43E;&#x432;&#x44B;&#x435; &#x437;&#x435;&#x440;&#x43D;&#x43E;&#x432;&#x44B;&#x435; &#x440;&#x430;&#x441;&#x442;&#x435;&#x43D;&#x438;&#x44F;</subfield>
    <subfield code="e">&#x41A;&#x443;&#x43B;&#x44C;&#x442;&#x443;&#x440;&#x430; &#x433;&#x43E;&#x440;&#x43E;&#x445;&#x430;, &#x43A;&#x43E;&#x43D;&#x441;&#x43A;&#x438;&#x445; &#x431;&#x43E;&#x431;&#x43E;&#x432;, &#x447;&#x435;&#x447;&#x435;&#x432;&#x438;&#x446;&#x44B;, &#x444;&#x430;&#x441;&#x43E;&#x43B;&#x438;, &#x43B;&#x44E;&#x43F;&#x438;&#x43D;&#x43E;&#x432; &#x438; &#x434;&#x440;&#x443;&#x433;&#x438;&#x445; &#x440;&#x430;&#x441;&#x442;&#x435;&#x43D;&#x438;&#x439;</subfield>
    <subfield code="e">&#x421; 32 &#x440;&#x438;&#x441;.</subfield>
    <subfield code="f">&#x41F;.&#x412;.&#x411;&#x443;&#x434;&#x440;&#x438;&#x43D;</subfield>
  </datafield>
  <datafield tag="205" ind1=" " ind2=" ">
    <subfield code="a">3-&#x435; &#x438;&#x437;&#x434;.</subfield>
  </datafield>
  <datafield tag="210" ind1=" " ind2=" ">
    <subfield code="a">&#x41C;.</subfield>
    <subfield code="c">&#x413;&#x43E;&#x441;. &#x438;&#x437;&#x434;.</subfield>
    <subfield code="d">1920</subfield>
  </datafield>
  <datafield tag="215" ind1=" " ind2=" ">
    <subfield code="a">64 &#x441;.</subfield>
    <subfield code="c">&#x438;&#x43B;.</subfield>
    <subfield code="d">24 &#x441;&#x43C;</subfield>
  </datafield>
  <datafield tag="451" ind1=" " ind2="0">
    <subfield code="1">001RU\NLR\A1SV\13311</subfield>
    <subfield code="1">2001#$a&#x411;&#x43E;&#x431;&#x43E;&#x432;&#x44B;&#x435; &#x437;&#x435;&#x440;&#x43D;&#x43E;&#x432;&#x44B;&#x435; &#x440;&#x430;&#x441;&#x442;&#x435;&#x43D;&#x438;&#x44F;$e&#x41A;&#x443;&#x43B;&#x44C;&#x442;&#x443;&#x440;&#x430; &#x433;&#x43E;&#x440;&#x43E;&#x445;&#x430;, &#x43A;&#x43E;&#x43D;&#x441;&#x43A;&#x438;&#x445; &#x431;&#x43E;&#x431;&#x43E;&#x432;, &#x447;&#x435;&#x447;&#x435;&#x432;&#x438;&#x446;&#x44B;, &#x444;&#x430;&#x441;&#x43E;&#x43B;&#x438;, &#x43B;&#x44E;&#x43F;&#x438;&#x43D;&#x43E;&#x432; &#x438; &#x434;&#x440;&#x443;&#x433;&#x438;&#x445; &#x440;&#x430;&#x441;&#x442;&#x435;&#x43D;&#x438;&#x439;$e&#x421; 33 &#x440;&#x438;&#x441;.$f&#x41F;.&#x412;.&#x411;&#x443;&#x434;&#x440;&#x438;&#x43D;</subfield>
    <subfield code="1">700#1$a&#x411;&#x443;&#x434;&#x440;&#x438;&#x43D;$b&#x41F;.&#x412;.$f1857-1939$g&#x41F;&#x435;&#x442;&#x440; &#x412;&#x430;&#x441;&#x438;&#x43B;&#x44C;&#x435;&#x432;&#x438;&#x447;</subfield>
    <subfield code="9">9773099</subfield>
    <subfield code="a">&#x411;&#x443;&#x434;&#x440;&#x438;&#x43D;, &#x41F;.&#x412;. (1857-1939)</subfield>
    <subfield code="c">&#x41F;&#x433;.</subfield>
    <subfield code="d">1918</subfield>
    <subfield code="f">&#x41F;.&#x412;.&#x411;&#x443;&#x434;&#x440;&#x438;&#x43D;</subfield>
    <subfield code="n">6 &#x413;&#x43E;&#x441;. &#x442;&#x438;&#x43F;.</subfield>
    <subfield code="o">&#x41A;&#x443;&#x43B;&#x44C;&#x442;&#x443;&#x440;&#x430; &#x433;&#x43E;&#x440;&#x43E;&#x445;&#x430;, &#x43A;&#x43E;&#x43D;&#x441;&#x43A;&#x438;&#x445; &#x431;&#x43E;&#x431;&#x43E;&#x432;, &#x447;&#x435;&#x447;&#x435;&#x432;&#x438;&#x446;&#x44B;, &#x444;&#x430;&#x441;&#x43E;&#x43B;&#x438;, &#x43B;&#x44E;&#x43F;&#x438;&#x43D;&#x43E;&#x432; &#x438; &#x434;&#x440;&#x443;&#x433;&#x438;&#x445; &#x440;&#x430;&#x441;&#x442;&#x435;&#x43D;&#x438;&#x439; : &#x421; 33 &#x440;&#x438;&#x441;.</subfield>
    <subfield code="p">68 &#x441;.</subfield>
    <subfield code="t">&#x411;&#x43E;&#x431;&#x43E;&#x432;&#x44B;&#x435; &#x437;&#x435;&#x440;&#x43D;&#x43E;&#x432;&#x44B;&#x435; &#x440;&#x430;&#x441;&#x442;&#x435;&#x43D;&#x438;&#x44F;</subfield>
  </datafield>
  <datafield tag="620" ind1=" " ind2=" ">
    <subfield code="d">&#x41C;&#x43E;&#x441;&#x43A;&#x432;&#x430;</subfield>
  </datafield>
  <datafield tag="700" ind1=" " ind2="1">
    <subfield code="a">&#x411;&#x443;&#x434;&#x440;&#x438;&#x43D;</subfield>
    <subfield code="b">&#x41F;.&#x412;.</subfield>
    <subfield code="f">1857-1939</subfield>
    <subfield code="g">&#x41F;&#x435;&#x442;&#x440; &#x412;&#x430;&#x441;&#x438;&#x43B;&#x44C;&#x435;&#x432;&#x438;&#x447;</subfield>
  </datafield>
  <datafield tag="801" ind1=" " ind2="0">
    <subfield code="a">RU</subfield>
    <subfield code="b">NLR</subfield>
    <subfield code="c">19991202</subfield>
  </datafield>
  <datafield tag="852" ind1=" " ind2=" ">
    <subfield code="a">NLR</subfield>
    <subfield code="j">37.63.5.463</subfield>
  </datafield>
  <datafield tag="899" ind1=" " ind2=" ">
    <subfield code="a">&#x420;&#x413;&#x411;</subfield>
  </datafield>
  <datafield tag="899" ind1=" " ind2=" ">
    <subfield code="a">&#x41D;&#x411; &#x422;&#x413;&#x423;</subfield>
  </datafield>
  <datafield tag="899" ind1=" " ind2=" ">
    <subfield code="a">&#x41D;&#x41D;&#x411; &#x420;&#x421;&#x41E;</subfield>
  </datafield>
  <datafield tag="899" ind1=" " ind2=" ">
    <subfield code="a">&#x41C;&#x413;&#x423;</subfield>
  </datafield>
  <datafield tag="899" ind1=" " ind2=" ">
    <subfield code="a">&#x421;&#x41F;&#x431;&#x413;&#x423;</subfield>
  </datafield>
  <datafield tag="899" ind1=" " ind2=" ">
    <subfield code="a">S</subfield>
  </datafield>
  <datafield tag="899" ind1=" " ind2=" ">
    <subfield code="a">&#x427;&#x41E;&#x423;&#x41D;&#x411;</subfield>
  </datafield>
  <datafield tag="899" ind1=" " ind2=" ">
    <subfield code="a">&#x411;&#x410;&#x41D;</subfield>
  </datafield>
  <datafield tag="899" ind1=" " ind2=" ">
    <subfield code="a">&#x41D;&#x411;&#x41B; &#x41A;&#x413;&#x423;</subfield>
  </datafield>
  <datafield tag="899" ind1=" " ind2=" ">
    <subfield code="a">&#x41A;&#x438;&#x440;&#x41E;&#x423;&#x41D;&#x411;</subfield>
  </datafield>
  <datafield tag="899" ind1=" " ind2=" ">
    <subfield code="a">&#x41D;&#x411; &#x420;&#x41A;&#x430;&#x437;.</subfield>
  </datafield>
  <datafield tag="899" ind1=" " ind2=" ">
    <subfield code="a">&#x420;&#x41A;&#x41F;</subfield>
  </datafield>
  <datafield tag="942" ind1=" " ind2=" ">
    <subfield code="c">BOOK</subfield>
  </datafield>
  <datafield tag="980" ind1=" " ind2=" ">
    <subfield code="a">NB</subfield>
  </datafield>
  <datafield tag="980" ind1=" " ind2=" ">
    <subfield code="a">A1SV</subfield>
  </datafield>
  <datafield tag="995" ind1=" " ind2=" ">
    <subfield code="5">2016-05-13</subfield>
    <subfield code="b">NLR02</subfield>
    <subfield code="c">NLR02</subfield>
    <subfield code="e">RFS</subfield>
    <subfield code="f">9698625-10</subfield>
    <subfield code="k">37.63.5.463</subfield>
    <subfield code="o">0</subfield>
    <subfield code="r">BOOK</subfield>
    <subfield code="s">37635463_</subfield>
  </datafield>
</record>
